New York Villages and Cities - Statistics

General Stats
  • This quiz has been taken 142 times
  • The average score is 124 of 595
Answers on the Map
Answers color-coded by a green-red scale on the quiz's map according to % correct below.
 
Answer Stats
County Answers Population Type % Correct
Brooklyn New York 8,804,190 City
92%
Erie Buffalo 278,349 City
89%
Monroe Rochester 211,328 City
89%
Albany Albany 99,224 City
88%
Onondaga Syracuse 148,620 City
86%
Oneida Utica 65,283 City
82%
Broome Binghamton 47,969 City
81%
Niagara Niagara Falls 48,671 City
76%
Oneida Rome 32,127 City
76%
Tompkins Ithaca 32,108 City
75%
Schenectady Schenectady 67,047 City
75%
Rensselaer Troy 51,401 City
75%
Oswego Oswego 16,921 City
74%
Chemung Elmira 26,523 City
71%
Dutchess Poughkeepsie 31,577 City
69%
Westchester Yonkers 211,569 City
69%
Saratoga Saratoga Springs 28,491 City
68%
Jefferson Watertown 24,685 City
68%
Cortland Cortland 17,556 City
67%
Westchester White Plains 59,559 City
64%
Clinton Plattsburgh 19,841 City
63%
Columbia Hudson 5,894 City
61%
Warren Glens Falls 14,830 City
60%
Chautauqua Jamestown 28,712 City
60%
Orange Newburgh 28,856 City
60%
Westchester New Rochelle 79,726 City
60%
Westchester Rye 16,592 City
60%
Westchester Mount Vernon 73,893 City
58%
Madison Oneida 10,329 City
58%
Ulster Kingston 24,069 City
57%
Niagara Lockport 20,876 City
56%
Erie Tonawanda 15,129 City
56%
Nassau Hempstead 59,169 Village
54%
Essex Lake Placid 2,205 Village
54%
Nassau Long Beach 35,029 City
54%
Otsego Oneonta 13,079 City
54%
Montgomery Amsterdam 18,219 City
53%
Cayuga Auburn 26,866 City
53%
Genesee Batavia 15,600 City
53%
Livingston Geneseo 7,574 Village
53%
Steuben Corning 10,551 City
51%
Orange Kiryas Joel 32,954 Village
51%
Niagara North Tonawanda 30,496 City
51%
Rensselaer Rensselaer 9,210 City
51%
Chautauqua Dunkirk 12,743 City
50%
Oswego Fulton 11,389 City
50%
Ontario Geneva 12,812 City
50%
Westchester Peekskill 25,431 City
50%
Greene Catskill 3,745 Village
47%
Herkimer Herkimer 7,234 Village
47%
Albany Watervliet 10,375 City
47%
Ontario Canandaigua 10,576 City
46%
Clinton Champlain 1,170 Village
46%
St. Lawrence Massena 10,151 Village
46%
Orange Middletown 30,345 City
46%
Cattaraugus Olean 13,937 City
46%
St. Lawrence Potsdam 8,312 Village
46%
Warren Lake George 1,008 Village
44%
Ulster Saugerties 3,899 Village
44%
Westchester Sleepy Hollow 9,986 Village
44%
Suffolk Southampton 4,550 Village
44%
Suffolk East Hampton 1,517 Village
43%
Ulster New Paltz 7,324 Village
43%
Franklin Saranac Lake 4,887 Village
43%
Franklin Tupper Lake 3,282 Village
43%
Chautauqua Fredonia 9,585 Village
42%
Nassau Garden City 23,272 Village
42%
Chemung Horseheads 6,606 Village
42%
Erie Lackawanna 19,949 City
42%
Westchester Mamaroneck 20,151 Village
42%
Saratoga Mechanicville 5,163 City
42%
St. Lawrence Ogdensburg 10,064 City
42%
Westchester Pelham 7,326 Village
42%
Dutchess Beacon 13,769 City
40%
Erie Hamburg 9,696 Village
40%
Broome Johnson City 15,343 Village
40%
Steuben Bath 5,571 Village
39%
Albany Cohoes 18,147 City
39%
Fulton Gloversville 15,131 City
39%
Nassau Great Neck 11,145 Village
39%
Fulton Johnstown 8,204 City
39%
Rockland Nyack 7,265 Village
39%
Tioga Owego 3,654 Village
39%
Cattaraugus Salamanca 5,929 City
39%
Albany Colonie 7,781 Village
38%
Nassau Glen Cove 28,365 City
38%
Herkimer Little Falls 4,605 City
38%
Erie Orchard Park 3,108 Village
38%
Westchester Ossining 27,551 Village
38%
Orange Port Jervis 8,775 City
38%
Saratoga Ballston Spa 5,111 Village
36%
Monroe East Rochester 6,334 Village
36%
Chenango Norwich 7,051 City
36%
Westchester Tarrytown 11,860 Village
36%
Ontario Victor 2,744 Village
36%
Westchester Bronxville 6,656 Village
35%
St. Lawrence Canton 7,155 Village
35%
Putnam Cold Spring 1,986 Village
35%
Otsego Cooperstown 1,794 Village
35%
Dutchess Rhinebeck 2,697 Village
35%
Orleans Albion 5,637 Village
33%
Greene Athens 1,586 Village
33%
Monroe Brockport 7,104 Village
33%
Westchester Croton-on-Hudson 8,327 Village
33%
Steuben Hornell 8,263 City
33%
Seneca Waterloo 4,810 Village
33%
Schoharie Cobleskill 4,173 Village
32%
Westchester Hastings-on-Hudson 8,590 Village
32%
Oswego Mexico 1,531 Village
32%
Westchester Port Chester 31,693 Village
32%
Dutchess Red Hook 1,975 Village
32%
Westchester Scarsdale 18,253 Village
32%
Schuyler Watkins Glen 1,863 Village
32%
Washington Whitehall 2,465 Village
32%
Broome Endicott 13,667 Village
31%
Westchester Harrison 28,218 Village
31%
Niagara Lewiston 2,531 Village
31%
Onondaga Manlius 4,662 Village
31%
Herkimer Mohawk 2,415 Village
31%
Orange Monroe 9,343 Village
31%
Rensselaer Nassau 1,103 Village
31%
Monroe Pittsford 1,419 Village
31%
Monroe Webster 5,651 Village
31%
Orange Woodbury 11,526 Village
31%
Livingston Avon 3,399 Village
29%
Cayuga Cayuga 472 Village
29%
Greene Coxsackie 2,746 Village
29%
Dutchess Fishkill 2,166 Village
29%
Delaware Franklin 258 Village
29%
St. Lawrence Hammond 273 Village
29%
Erie Lancaster 10,027 Village
29%
Franklin Malone 5,483 Village
29%
Wayne Newark 9,017 Village
29%
Nassau Roslyn 2,988 Village
29%
Tioga Spencer 719 Village
29%
Wyoming Attica 2,450 Village
28%
Orange Chester 3,993 Village
28%
Broome Deposit 1,387 Village
28%
Onondaga East Syracuse 3,078 Village
28%
Cattaraugus Ellicottville 256 Village
28%
Onondaga Fayetteville 4,225 Village
28%
Albany Green Island 2,934 Village
28%
Madison Hamilton 4,107 Village
28%
Onondaga Liverpool 2,242 Village
28%
Livingston Mount Morris 2,898 Village
28%
Onondaga North Syracuse 6,739 Village
28%
Otsego Otego 875 Village
28%
Wayne Sodus 1,667 Village
28%
Jefferson Adams 1,633 Village
26%
Jefferson Alexandria Bay 924 Village
26%
Madison Cazenovia 2,767 Village
26%
Delaware Delhi 2,721 Village
26%
Orange Goshen 5,777 Village
26%
Chenango Greene 1,463 Village
26%
Genesee Le Roy 4,300 Village
26%
Lewis Lowville 3,272 Village
26%
Cortland Marathon 892 Village
26%
Sullivan Monticello 7,173 Village
26%
Otsego Morris 486 Village
26%
Westchester Mount Kisco 10,959 Village
26%
Saratoga Schuylerville 1,370 Village
26%
Nassau Valley Stream 40,634 Village
26%
Suffolk Amityville 9,500 Village
25%
Suffolk Babylon 12,188 Village
25%
Oneida Clinton 1,683 Village
25%
Orange Cornwall-on-Hudson 3,075 Village
25%
Columbia Kinderhook 1,170 Village
25%
Suffolk Northport 7,347 Village
25%
Onondaga Skaneateles 2,533 Village
25%
Otsego Unadilla 1,065 Village
25%
Dutchess Wappingers Falls 6,103 Village
25%
Saratoga Waterford 2,038 Village
25%
Wyoming Arcade 1,908 Village
24%
Columbia Chatham 1,529 Village
24%
Westchester Dobbs Ferry 11,541 Village
24%
Monroe Fairport 5,501 Village
24%
Rockland Haverstraw 12,323 Village
24%
Sullivan Liberty 4,700 Village
24%
Yates Penn Yan 5,056 Village
24%
Jefferson Philadelphia 1,098 Village
24%
Schoharie Schoharie 916 Village
24%
Monroe Spencerport 3,685 Village
24%
Saratoga Stillwater 1,754 Village
24%
Oneida Vernon 1,177 Village
24%
Erie Angola 2,046 Village
22%
Onondaga Camillus 1,222 Village
22%
Madison Canastota 4,556 Village
22%
Wyoming Castile 970 Village
22%
Erie East Aurora 5,998 Village
22%
Nassau Floral Park 16,172 Village
22%
Washington Fort Edward 3,108 Village
22%
Suffolk Greenport 2,583 Village
22%
Monroe Hilton 6,027 Village
22%
Cortland Homer 3,210 Village
22%
Washington Hudson Falls 7,427 Village
22%
Tompkins Lansing 3,648 Village
22%
Nassau New Hyde Park 10,257 Village
22%
Steuben Painted Post 1,768 Village
22%
Oneida Sherrill 3,077 City
22%
Wayne Sodus Point 822 Village
22%
Tioga Waverly 4,373 Village
22%
Steuben Addison 1,561 Village
21%
Erie Alden 2,604 Village
21%
Allegany Alfred 4,026 Village
21%
Cattaraugus Allegany 1,544 Village
21%
Washington Cambridge 1,788 Village
21%
Montgomery Canajoharie 2,037 Village
21%
Jefferson Cape Vincent 699 Village
21%
Franklin Chateaugay 735 Village
21%
Madison Chittenango 4,896 Village
21%
Clinton Dannemora 3,287 Village
21%
Saratoga Galway 165 Village
21%
Washington Granville 2,404 Village
21%
Rensselaer Hoosick Falls 3,216 Village
21%
Herkimer Ilion 7,646 Village
21%
Westchester Irvington 6,652 Village
21%
Madison Madison 311 Village
21%
Nassau Massapequa Park 17,109 Village
21%
Albany Menands 4,554 Village
21%
Oneida New Hartford 1,859 Village
21%
Wayne Palmyra 3,305 Village
21%
Westchester Pelham Manor 5,752 Village
21%
Suffolk Port Jefferson 7,962 Village
21%
Suffolk Sag Harbor 2,772 Village
21%
Delaware Sidney 3,697 Village
21%
Rockland Suffern 11,441 Village
21%
Westchester Tuckahoe 7,084 Village
21%
Lewis Turin 197 Village
21%
Wyoming Warsaw 3,646 Village
21%
Orange Warwick 6,652 Village
21%
Chenango Afton 794 Village
19%
Cayuga Aurora 607 Village
19%
Onondaga Baldwinsville 7,898 Village
19%
Cattaraugus Cattaraugus 960 Village
19%
Wayne Clyde 2,171 Village
19%
Lewis Croghan 639 Village
19%
Livingston Dansville 4,433 Village
19%
Erie Depew 15,178 Village
19%
Chemung Elmira Heights 3,916 Village
19%
St. Lawrence Gouverneur 3,526 Village
19%
Oswego Hannibal 535 Village
19%
Westchester Larchmont 6,630 Village
19%
Livingston Livonia 1,472 Village
19%
Tioga Newark Valley 928 Village
19%
Livingston Nunda 1,169 Village
19%
Dutchess Pawling 1,995 Village
19%
Nassau Rockville Centre 26,016 Village
19%
Westchester Rye Brook 10,047 Village
19%
Saratoga South Glens Falls 3,744 Village
19%
Rockland Spring Valley 33,066 Village
19%
Delaware Walton 2,885 Village
19%
Niagara Wilson 1,247 Village
19%
Albany Altamont 1,675 Village
18%
Chenango Bainbridge 1,251 Village
18%
Ontario Bloomfield 1,277 Village
18%
Oneida Boonville 2,020 Village
18%
Fulton Broadalbin 1,384 Village
18%
Steuben Canisteo 2,176 Village
18%
Jefferson Clayton 1,705 Village
18%
Yates Dresden 293 Village
18%
Tompkins Dryden 1,887 Village
18%
Orange Florida 2,888 Village
18%
Washington Fort Ann 460 Village
18%
Nassau Freeport 44,472 Village
18%
Steuben Hammondsport 583 Village
18%
Livingston Leicester 440 Village
18%
Orange Montgomery 3,834 Village
18%
Ontario Naples 931 Village
18%
Suffolk Quogue 1,662 Village
18%
Schoharie Richmondville 858 Village
18%
Rockland South Nyack 2,699 Village
18%
Delaware Stamford 1,040 Village
18%
Onondaga Tully 904 Village
18%
Rockland Upper Nyack 2,015 Village
18%
Suffolk West Hampton Dunes 126 Village
18%
Erie Williamsville 5,423 Village
18%
Broome Windsor 907 Village
18%
Jefferson Antwerp 506 Village
17%
Steuben Avoca 809 Village
17%
Putnam Brewster 2,508 Village
17%
Steuben Cohocton 703 Village
17%
Rensselaer East Nassau 559 Village
17%
Erie Kenmore 15,205 Village
17%
Nassau Lawrence 6,809 Village
17%
Livingston Lima 2,094 Village
17%
Seneca Lodi 254 Village
17%
Orleans Medina 6,047 Village
17%
Schoharie Middleburgh 1,131 Village
17%
Oneida New York Mills 3,244 Village
17%
Tioga Nichols 457 Village
17%
Seneca Ovid 534 Village
17%
Monroe Scottsville 2,009 Village
17%
Saratoga Victory 666 Village
17%
Albany Voorheesville 2,841 Village
17%
Allegany Wellsville 4,587 Village
17%
Sullivan Wurtsboro 1,124 Village
17%
Rockland Airmont 10,166 Village
15%
Genesee Alexander 518 Village
15%
Allegany Almond 415 Village
15%
Westchester Ardsley 5,079 Village
15%
Nassau Bayville 6,748 Village
15%
Genesee Bergen 1,208 Village
15%
Erie Blasdell 2,539 Village
15%
Oswego Central Square 1,862 Village
15%
Monroe Churchville 2,091 Village
15%
Nassau East Hills 7,284 Village
15%
Nassau East Rockaway 10,159 Village
15%
Herkimer Frankfort 2,320 Village
15%
Cattaraugus Gowanda 2,513 Village
15%
Suffolk Huntington Bay 1,446 Village
15%
Ontario Manchester 1,640 Village
15%
Chenango Oxford 1,330 Village
15%
Suffolk Patchogue 12,408 Village
15%
Wyoming Perry 3,536 Village
15%
Schoharie Sharon Springs 483 Village
15%
Chenango Sherburne 1,360 Village
15%
Orange South Blooming Grove 3,973 Village
15%
Oneida Sylvan Beach 890 Village
15%
Orange Tuxedo Park 645 Village
15%
St. Lawrence Waddington 937 Village
15%
Orange Washingtonville 5,657 Village
15%
Oneida Waterville 1,473 Village
15%
Cayuga Weedsport 1,788 Village
15%
Nassau Westbury 15,864 Village
15%
Chautauqua Westfield 2,910 Village
15%
Wayne Wolcott 1,556 Village
15%
Allegany Belmont 856 Village
14%
Westchester Briarcliff Manor 7,569 Village
14%
Nassau Brookville 2,939 Village
14%
Livingston Caledonia 2,080 Village
14%
Oneida Camden 2,196 Village
14%
Jefferson Carthage 3,236 Village
14%
Ontario Clifton Springs 2,209 Village
14%
Madison DeRuyter 408 Village
14%
Genesee Elba 558 Village
14%
Ulster Ellenville 4,167 Village
14%
Orange Harriman 2,714 Village
14%
Orleans Holley 1,754 Village
14%
Greene Hunter 429 Village
14%
Otsego Milford 367 Village
14%
Dutchess Millbrook 1,455 Village
14%
Schuyler Montour Falls 1,635 Village
14%
Madison Morrisville 1,633 Village
14%
Oswego Parish 447 Village
14%
Westchester Pleasantville 7,513 Village
14%
Oneida Remsen 431 Village
14%
Clinton Rouses Point 2,195 Village
14%
Schenectady Scotia 7,272 Village
14%
Erie Sloan 3,775 Village
14%
Montgomery St. Johnsville 1,643 Village
14%
Steuben Wayland 1,680 Village
14%
Oneida Whitesboro 3,612 Village
14%
Washington Argyle 289 Village
13%
Sullivan Bloomingburg 1,032 Village
13%
Chautauqua Brocton 1,286 Village
13%
Rensselaer Castleton-on-Hudson 1,477 Village
13%
Cayuga Cato 517 Village
13%
Tompkins Cayuga Heights 4,114 Village
13%
Oswego Cleveland 732 Village
13%
Lewis Constableville 293 Village
13%
Saratoga Corinth 2,562 Village
13%
Allegany Cuba 1,517 Village
13%
Jefferson Ellisburg 186 Village
13%
Cayuga Fair Haven 760 Village
13%
Nassau Great Neck Plaza 7,482 Village
13%
Washington Greenwich 1,651 Village
13%
Delaware Hancock 908 Village
13%
Onondaga Jordan 1,192 Village
13%
Cattaraugus Little Valley 1,058 Village
13%
Nassau Malverne 8,560 Village
13%
Niagara Middleport 1,729 Village
13%
Cayuga Moravia 1,224 Village
13%
Rockland New Square 9,679 Village
13%
Nassau Old Westbury 4,289 Village
13%
Oneida Oriskany 1,315 Village
13%
Nassau Oyster Bay Cove 2,265 Village
13%
Ontario Phelps 1,851 Village
13%
Nassau Plandome 1,448 Village
13%
Broome Port Dickinson 1,699 Village
13%
Cattaraugus Portville 892 Village
13%
Albany Ravena 3,271 Village
13%
Steuben Riverside 423 Village
13%
Nassau Roslyn Estates 1,318 Village
13%
Rockland Sloatsburg 3,036 Village
13%
Hamilton Speculator 406 Village
13%
Nassau Stewart Manor 1,992 Village
13%
Dutchess Tivoli 1,012 Village
13%
Orange Unionville 592 Village
13%
Rockland West Haverstraw 10,678 Village
13%
Wyoming Wyoming 377 Village
13%
Oneida Yorkville 2,657 Village
13%
Niagara Youngstown 1,859 Village
13%
Steuben Arkport 745 Village
11%
Franklin Burke 160 Village
11%
Lewis Copenhagen 631 Village
11%
Nassau Farmingdale 8,466 Village
11%
Montgomery Fonda 668 Village
11%
Wyoming Gainesville 211 Village
11%
Monroe Honeoye Falls 2,706 Village
11%
Nassau Kings Point 5,619 Village
11%
Suffolk Lindenhurst 27,148 Village
11%
Fulton Mayfield 780 Village
11%
Chautauqua Mayville 1,442 Village
11%
Nassau Mineola 20,800 Village
11%
Nassau Muttontown 3,512 Village
11%
Herkimer Newport 543 Village
11%
Nassau North Hills 5,464 Village
11%
Oneida Oneida Castle 586 Village
11%
Montgomery Palatine Bridge 796 Village
11%
Columbia Philmont 1,377 Village
11%
Cayuga Port Byron 1,101 Village
11%
Oswego Pulaski 2,186 Village
11%
St. Lawrence Richville 234 Village
11%
Suffolk Sagaponack 770 Village
11%
Nassau Sands Point 2,712 Village
11%
Oswego Sandy Creek 646 Village
11%
Chautauqua Sherman 649 Village
11%
Onondaga Solvay 6,645 Village
11%
Steuben South Corning 1,108 Village
11%
Greene Tannersville 568 Village
11%
Jefferson Theresa 752 Village
11%
Columbia Valatie 1,785 Village
11%
Orange Walden 6,818 Village
11%
Nassau Williston Park 7,591 Village
11%
Allegany Angelica 723 Village
10%
Nassau Atlantic Beach 1,707 Village
10%
Jefferson Brownville 930 Village
10%
Westchester Buchanan 2,302 Village
10%
Otsego Cherry Valley 467 Village
10%
Nassau East Williston 2,645 Village
10%
Westchester Elmsford 5,239 Village
10%
Nassau Flower Hill 4,794 Village
10%
Cattaraugus Franklinville 1,652 Village
10%
Orange Highland Falls 3,684 Village
10%
Otsego Laurens 185 Village
10%
Broome Lisle 348 Village
10%
Nassau Lynbrook 20,438 Village
10%
Lewis Lyons Falls 570 Village
10%
Nassau Manorhaven 6,956 Village
10%
Rockland Montebello 4,507 Village
10%
Chenango New Berlin 901 Village
10%
Rockland New Hempstead 5,463 Village
10%
Erie North Collins 1,247 Village
10%
St. Lawrence Norwood 1,552 Village
10%
Herkimer Poland 464 Village
10%
Lewis Port Leyden 554 Village
10%
Nassau Port Washington North 3,160 Village
10%
Otsego Richfield Springs 1,050 Village
10%
Rensselaer Schaghticoke 527 Village
10%
Nassau Sea Cliff 5,062 Village
10%
Chenango Smyrna 197 Village
10%
Tompkins Trumansburg 1,714 Village
10%
Broome Whitney Point 960 Village
10%
Erie Akron 2,888 Village
8%
Nassau Baxter Estates 991 Village
8%
Jefferson Black River 1,232 Village
8%
Rockland Chestnut Ridge 10,505 Village
8%
Genesee Corfu 689 Village
8%
Chenango Earlville 774 Village
8%
Montgomery Fort Plain 1,930 Village
8%
Rockland Grand View-on-Hudson 246 Village
8%
Tompkins Groton 2,145 Village
8%
Nassau Hewlett Harbor 1,290 Village
8%
Rockland Hillburn 930 Village
8%
Sullivan Jeffersonville 368 Village
8%
Onondaga Marcellus 1,745 Village
8%
Nassau Mill Neck 1,054 Village
8%
Putnam Nelsonville 624 Village
8%
Nassau Old Brookville 2,020 Village
8%
Orange Otisville 969 Village
8%
Oswego Phoenix 2,226 Village
8%
Rockland Piermont 2,517 Village
8%
Nassau Plandome Manor 793 Village
8%
Rockland Pomona 3,824 Village
8%
Nassau Roslyn Harbor 1,067 Village
8%
Nassau South Floral Park 1,741 Village
8%
Suffolk Westhampton Beach 2,150 Village
8%
Allegany Andover 890 Village
7%
Suffolk Belle Terre 808 Village
7%
Franklin Brushton 443 Village
7%
Tioga Candor 786 Village
7%
Nassau Cedarhurst 7,374 Village
7%
Oneida Clayville 339 Village
7%
Nassau Cove Neck 293 Village
7%
Yates Dundee 1,690 Village
7%
Schoharie Esperance 346 Village
7%
Onondaga Fabius 309 Village
7%
Montgomery Fort Johnson 401 Village
7%
Montgomery Fultonville 742 Village
7%
Nassau Great Neck Estates 2,990 Village
7%
Nassau Hewlett Bay Park 494 Village
7%
Nassau Lake Success 2,828 Village
7%
Chautauqua Lakewood 3,002 Village
7%
Nassau Laurel Hollow 1,940 Village
7%
Suffolk Lloyd Harbor 3,571 Village
7%
Cortland McGraw 972 Village
7%
Dutchess Millerton 903 Village
7%
Onondaga Minoa 3,657 Village
7%
Nassau Munsey Park 2,809 Village
7%
Genesee Oakfield 1,812 Village
7%
Schuyler Odessa 517 Village
7%
St. Lawrence Rensselaer Falls 361 Village
7%
Chautauqua Silver Creek 2,617 Village
7%
Nassau Thomaston 2,759 Village
7%
Nassau Woodsburgh 897 Village
7%
Nassau Bellerose 1,173 Village
6%
Suffolk Brightwaters 3,181 Village
6%
Schuyler Burdett 331 Village
6%
Herkimer Cold Brook 250 Village
6%
Schenectady Delanson 335 Village
6%
Suffolk Dering Harbor 50 Village
6%
Herkimer Dolgeville 2,042 Village
6%
Jefferson Evans Mills 678 Village
6%
Delaware Fleischmanns 210 Village
6%
Tompkins Freeville 498 Village
6%
Orange Greenwood Lake 2,994 Village
6%
St. Lawrence Heuvelton 722 Village
6%
Delaware Hobart 351 Village
6%
Oneida Holland Patent 416 Village
6%
Seneca Interlaken 595 Village
6%
Suffolk Islandia 3,567 Village
6%
Rockland Kaser 5,491 Village
6%
Nassau Kensington 1,226 Village
6%
Delaware Margaretville 514 Village
6%
Nassau Matinecock 847 Village
6%
Orange Maybrook 3,150 Village
6%
Herkimer Middleville 407 Village
6%
Suffolk North Haven 1,162 Village
6%
Steuben North Hornell 732 Village
6%
Chautauqua Panama 475 Village
6%
Nassau Plandome Heights 1,009 Village
6%
Yates Rushville 651 Village
6%
Jefferson Sackets Harbor 1,351 Village
6%
Nassau Saddle Rock 989 Village
6%
Suffolk Saltaire 113 Village
6%
Suffolk Shoreham 561 Village
6%
Wyoming Silver Springs 689 Village
6%
Nassau Upper Brookville 1,786 Village
6%
Suffolk Asharoken 592 Village
4%
Niagara Barker 575 Village
4%
Suffolk Bellport 2,203 Village
4%
Chautauqua Bemus Point 306 Village
4%
Allegany Bolivar 1,010 Village
4%
Nassau Centre Island 407 Village
4%
Jefferson Chaumont 615 Village
4%
Onondaga Elbridge 921 Village
4%
Montgomery Hagaman 1,117 Village
4%
Nassau Hewlett Neck 569 Village
4%
Nassau Island Park 4,928 Village
4%
Suffolk Lake Grove 11,072 Village
4%
Nassau Lattingtown 1,881 Village
4%
Orleans Lyndonville 771 Village
4%
Suffolk Ocean Beach 153 Village
4%
Suffolk Old Field 893 Village
4%
Suffolk Poquott 903 Village
4%
Wayne Red Creek 495 Village
4%
Saratoga Round Lake 828 Village
4%
Nassau Russell Gardens 978 Village
4%
Ontario Shortsville 1,400 Village
4%
Cattaraugus South Dayton 541 Village
4%
Erie Springville 4,225 Village
4%
Suffolk Village of the Branch 1,735 Village
4%
Madison Wampsville 573 Village
4%
Chemung Wellsburg 490 Village
4%
Rockland Wesley Hills 6,116 Village
4%
Sullivan Woodridge 747 Village
4%
Montgomery Ames 138 Village
3%
Allegany Canaseraga 460 Village
3%
Chautauqua Cassadaga 573 Village
3%
Jefferson Deferiet 245 Village
3%
Cattaraugus Delevan 1,043 Village
3%
Jefferson Dexter 1,004 Village
3%
Chautauqua Falconer 2,269 Village
3%
Erie Farnham 381 Village
3%
Otsego Gilbertsville 308 Village
3%
Suffolk Head of the Harbor 1,520 Village
3%
Oswego Lacona 657 Village
3%
Jefferson Mannsville 297 Village
3%
Madison Munnsville 454 Village
3%
Montgomery Nelliston 555 Village
3%
Suffolk Nissequogue 1,564 Village
3%
Fulton Northville 993 Village
3%
Allegany Richburg 401 Village
3%
Steuben Savona 672 Village
3%
Chautauqua Sinclairville 579 Village
3%
Cayuga Union Springs 1,075 Village
3%
Jefferson West Carthage 1,780 Village
3%
Herkimer West Winfield 733 Village
3%
Lewis Castorland 334 Village
1%
Chautauqua Celoron 1,069 Village
1%
Jefferson Glen Park 452 Village
1%
Cayuga Meridian 287 Village
1%
Chemung Millport 301 Village
1%
Oneida Oriskany Falls 658 Village
1%
Rensselaer Valley Falls 510 Village
1%
No matching quizzes found
Score Distribution
Percent of People with Each Score
Percentile by Number Answered
Your Score History
You have not taken this quiz